| 000 | 00914nam a2200205 a 4500 | ||
|---|---|---|---|
| 008 | 071019s1998 ||||||||||||||||| || u | ||
| 020 | _a0821340859 | ||
| 050 | _aIBRD(06)EAP/1998/1 | ||
| 100 | _aShanahan, Peter | ||
| 245 | 1 | 0 |
_aMunicipal wastewater treatment in Central and Eastern Europe: present situation and cost-effective development strategies _cLaszlo Somlyody; Peter Shanahan |
| 260 |
_aWashington, D. C. _bWorld Bank _c1998 |
||
| 300 | _axvi, 146p.: ill. | ||
| 350 | _a0.00 | ||
| 490 | _aReport for the Environmental Action Programme for Central and Eastern Europe | ||
| 650 | _aSEWAGE DISPOSAL--EUROPE, EASTERN--COST EFFECTIVENESS | ||
| 650 | _aWATER | ||
| 650 | _aSEWAGE DISPOSAL--EUROPE, EASTERN | ||
| 700 | _aSomlyody, Laszlo | ||
| 995 |
_D0.00 _FCBU-MAIN LIBRARY (Kitwe) _H1 _I0.00 _M1 _UAVAILABLE _WOct 19, 2007 _ZInternational Publications |
||
| 999 |
_c51821 _d51821 |
||